Entry Personal Name
Number of records used in: 2
001 - CONTROL NUMBER
003 - CONTROL NUMBER IDENTIFIER
005 - DATE AND TIME OF LATEST TRANSACTION
- control field:
20231214135529.0
008 - FIXED-LENGTH DATA ELEMENTS
- fixed length control field:
070808n| acannaabn |n aaa c
010 ## - LIBRARY OF CONGRESS CONTROL NUMBER
- LC control number:
no2007090157
035 ## - SYSTEM CONTROL NUMBER
- System control number:
(OCoLC)oca07486880
040 ## - CATALOGING SOURCE
- Original cataloging agency:
ZA-NbPUK
- Language of cataloging:
eng
- Transcribing agency:
ZA-NbPUK
100 1# - HEADING--PERSONAL NAME
- Personal name:
Rajput, R. K.,
- Dates associated with a name:
1944-
670 ## - SOURCE DATA FOUND
- Source citation:
Textbook of power plant engineering, 2006:
- Information found:
t.p. (R.K. Rajput) back cover (b. Sept. 15, 1944; multi-disciplinary engineer)